000 00389nam a22001337a 4500
005 20230225092828.0
008 230225b |||||||| |||| 00| 0 eng d
040 _c##$aRTC$cRTC
082 _a070.4
245 _aLAN 202: Basic Journalism
_cBA English Studies and BA Mass Communication
260 _aThimphu;
_bRoyal Thimphu College
_c2023
300 _a95 p.
_c30 cm
942 _2ddc
_cCE TEXBOOK
999 _c9310
_d9311